<?xml version="1.0" encoding="UTF-8"?>
<record
    xmlns:xsi="http://www.w3.org/2001/XMLSchema-instance"
    xsi:schemaLocation="http://www.loc.gov/MARC21/slim http://www.loc.gov/standards/marcxml/schema/MARC21slim.xsd"
    xmlns="http://www.loc.gov/MARC21/slim">

  <leader>00616nam a22001817a 4500</leader>
  <datafield tag="999" ind1=" " ind2=" ">
    <subfield code="c">60559</subfield>
    <subfield code="d">60559</subfield>
  </datafield>
  <controlfield tag="005">20230830160133.0</controlfield>
  <controlfield tag="008">230830s1991    ru ||||| |||| 00| 0 rus d</controlfield>
  <datafield tag="020" ind1=" " ind2=" ">
    <subfield code="a">5225019714</subfield>
  </datafield>
  <datafield tag="041" ind1=" " ind2=" ">
    <subfield code="a">rus</subfield>
  </datafield>
  <datafield tag="080" ind1=" " ind2=" ">
    <subfield code="a">618.177 &#x41F;-93</subfield>
  </datafield>
  <datafield tag="100" ind1=" " ind2=" ">
    <subfield code="a">&#x41F;&#x448;&#x435;&#x43D;&#x438;&#x447;&#x43D;&#x438;&#x43A;&#x43E;&#x432;&#x430;, &#x422;. &#x42F;.</subfield>
    <subfield code="9">19728</subfield>
  </datafield>
  <datafield tag="245" ind1=" " ind2=" ">
    <subfield code="a">&#x411;&#x435;&#x441;&#x43F;&#x43B;&#x43E;&#x434;&#x438;&#x435; &#x432; &#x431;&#x440;&#x430;&#x43A;&#x435; /</subfield>
    <subfield code="c">&#x422;. &#x42F;. &#x41F;&#x448;&#x435;&#x43D;&#x438;&#x447;&#x43D;&#x438;&#x43A;&#x43E;&#x432;&#x430;; [&#x420;&#x435;&#x446;&#x435;&#x43D;&#x437;&#x435;&#x43D;&#x442; &#x447;&#x43B;.-&#x43A;&#x43E;&#x440;&#x440;. &#x410;&#x41C;&#x41D; &#x421;&#x421;&#x421;&#x420; &#x412;. &#x41D;. &#x421;&#x435;&#x440;&#x43E;&#x432;]</subfield>
  </datafield>
  <datafield tag="264" ind1=" " ind2=" ">
    <subfield code="a">&#x41C;&#x43E;&#x441;&#x43A;&#x432;&#x430;:</subfield>
    <subfield code="b">"&#x41C;&#x435;&#x434;&#x438;&#x446;&#x438;&#x43D;&#x430;",</subfield>
    <subfield code="c">1991&#x44E;</subfield>
  </datafield>
  <datafield tag="300" ind1=" " ind2=" ">
    <subfield code="a">320 &#x441;&#x442;&#x440;.</subfield>
  </datafield>
  <datafield tag="653" ind1=" " ind2=" ">
    <subfield code="a">&#x411;&#x435;&#x441;&#x43F;&#x43B;&#x43E;&#x434;&#x438;&#x435;</subfield>
  </datafield>
  <datafield tag="653" ind1=" " ind2=" ">
    <subfield code="a">&#x10E3;&#x10E8;&#x10D5;&#x10D8;&#x10DA;&#x10DD;&#x10D1;&#x10D0;</subfield>
  </datafield>
  <datafield tag="942" ind1=" " ind2=" ">
    <subfield code="2">udc</subfield>
    <subfield code="c">BK</subfield>
  </datafield>
  <datafield tag="952" ind1=" " ind2=" ">
    <subfield code="0">0</subfield>
    <subfield code="1">0</subfield>
    <subfield code="2">udc</subfield>
    <subfield code="4">0</subfield>
    <subfield code="6">618177_&#x41F;93</subfield>
    <subfield code="7">0</subfield>
    <subfield code="9">95698</subfield>
    <subfield code="a">CPL</subfield>
    <subfield code="b">CPL</subfield>
    <subfield code="c">GEN</subfield>
    <subfield code="d">2023-08-30</subfield>
    <subfield code="g">8.00</subfield>
    <subfield code="o">618.177 &#x41F;-93</subfield>
    <subfield code="p">3503</subfield>
    <subfield code="r">2023-08-30</subfield>
    <subfield code="t">3503</subfield>
    <subfield code="w">2023-08-30</subfield>
    <subfield code="y">BK</subfield>
    <subfield code="z">8 &#x10DA;.</subfield>
  </datafield>
</record>
